Регионална библиотека "Любен Каравелов" - Русе

Философски съчинения (Запис номер 128341)

MARC детайли
000 -Лидер
Контролно поле с фиксирана дължина 02126nam a2200457 c 4500
003 - Код на организацията, давaща контролен номер
Контролно поле BLK
005 - Дата и час на последна редакция
Контролно поле 20240321124851.0
008 - Елементи от данни с фиксирана дължина
fixed length control field 180409b bul|||||r ||||||| ||bul||
010 ## - Наследен системен номер
LC control number KNG00134060000
040 ## - Източник на каталожния запис
Идентификатор на билиотеката - собственик на записа BLK
041 ## - Код за език
Код за езика на текст/звукозапис или на отделно заглавие Български
Код за езика КДБФ Български
080 ## - УДК
Текстов определител УДК Обща история на философията
УДК код - определител по УДК 101(091)
УДК определител (497.2)
УДК - код + определител 101(091)(497.2)
080 ## - УДК
Текстов определител УДК Марксизъм-ленинизъм. Научен комунизъм
УДК код - определител по УДК 141.82
УДК - код + определител 141.82
100 ## - Редна дума - Автор
Автор Благоев, Димитър
Автор - информация (биография) Дядото
Дати, свързани с автора 1856 - 1924
Пълна форма на името Николов, Димитър Благоев
R(LIN) 377352
139 ## - Редно поле
Редна дума Благоев, Димитър
Авторски знак Бл - Б 47
245 10 - Сведения за заглавието
Заглавие Философски съчинения
Редно поле (дума) Димитър Благоев; встъп. студия и състав. Кирил Василев; * Димитър Благоев Николов.
257 ## - Страна на издаване
Страна на създаване/издаване България
260 ## - Област на издателските данни
Име на издателя, разпространителя и проч. Наука и изкуство
Година на издаване 1982
Място на издаване, разпространение и проч. София
300 ## - Физическа характеристика
Страници 518 с.
Размери/Мащаб 21 см
380 ## - Жанр
Жанр Философия
490 ## - СЕРИИ (Колекции)
Име на серия Българско философско наследство
9 (RLIN) 205895
500 ## - Общи забележки
Забележка Пълното име на авт. е Димитър Благоев Николов. - 2 110 тир. - Именен показалец.
504 ## - Забележка за наличие на библиография и др
Забележка за наличие на библиография и под. Библиогр. под линия
650 #4 - Допълнително описание по предмет – тема
Основно описание – тема или топоним Марксизъм-ленинизъм - философия - България
9 (RLIN) 294559
650 #4 - Допълнително описание по предмет – тема
Основно описание – тема или топоним България - философия
9 (RLIN) 321179
650 #4 - Допълнително описание по предмет – тема
Основно описание – тема или топоним Благоев, Димитър - възгледи
9 (RLIN) 294210
651 #4 - Допълнително описание по предмет - топоним
Географско понятие България
9 (RLIN) 241624
653 ## - Ключова дума – ненормативна
Ключова дума философия
653 ## - Ключова дума – ненормативна
Ключова дума марксизъм
653 ## - Ключова дума – ненормативна
Ключова дума ленинизъм
700 1# - Други автори (авторска отговорност)
Лично име Василев, Кирил
Автороска отговорност (Описва отношението между автора и произведението) встъп. студия и състав.
9 (RLIN) 367472
700 1# - Други автори (авторска отговорност)
Лично име Николов, Димитър Благоев
Автороска отговорност (Описва отношението между автора и произведението) *
9 (RLIN) 321178
852 ## - Местоположение
Форматна сигнатура Цб 116969
Фондова буква Хранилище
856 4# - Електронен адрес и достъп
Електронен формат pdf - файл
856 4# - Електронен адрес и достъп
Електронен формат pdf - файл
999 ## - СИСТЕМНИ КОНТРОЛНИ НОМЕРА
Koha biblionumber 128341
Koha biblioitemnumber 128341
942 ## - АРТИКУЛИ
Вид на библиотечния материал Книги
Скрит в OPAC Не
Периодичен библиозапис Да
944 ## - СЪЗДАВАНЕ И РЕДАКЦИЯ на ЗАПИСА
Създаване/Редакция Създаване
Дата на регистрацията/редакция 25.09.2012
Статус, дата на статуса Нора Радева
Служител, извършил регистрацията/редакцията 30545
944 ## - СЪЗДАВАНЕ И РЕДАКЦИЯ на ЗАПИСА
Създаване/Редакция Редакция
Дата на регистрацията/редакция 25.09.2012
Статус, дата на статуса 25.09.2012 - от С1,Р / 25.09.2012
944 ## - СЪЗДАВАНЕ И РЕДАКЦИЯ на ЗАПИСА
Създаване/Редакция Редакция
Дата на регистрацията/редакция 2022-04-20
999 ## - СИСТЕМНИ КОНТРОЛНИ НОМЕРА
Koha biblioitemnumber 128341
Наличности
Код за отписване Код за изгубен артикул Източник на класификационната схема Код за повреда Коз за рестрикции Код за отдаване Артикулен № Име на библиотеката - собственик Име на библиотеката, в която се намира в момента Статус (Текущо местоположение) Дата на вписване в системата Местоположение - отдел Цена в лева Инвентарен номер Систематично азбучна сигнатура Баркод Номер на екземпляра Цена в евро Служебна бележка Служебен тип на артикула
  Не е изгубен Universal Decimal Classification Не е повреден без рестрикции ползва се в читалня 208580 Регионална библиотека "Любен Каравелов" Русе Регионална библиотека "Любен Каравелов" Русе Хранилище 1982-01-01 Хранилище 4.78 361188 Цб 116969 120000361188 1 2.44 N: стар фонд Дата: 01.01.1982 Книги
Vip Innovations Ltd, Rousse, Bulgaria 2025